| 000 | 00363 a2200157 4500 | ||
|---|---|---|---|
| 001 | 70957 | ||
| 020 | _a8574721220 | ||
| 040 | _cAnchieta - Itaigara | ||
| 100 | _aCosta, André | ||
| 240 | 1 | 0 |
_aAngela and her best friend _lIng |
| 245 | 1 | 0 | _aAngela and her best friend |
| 300 | _a22 | ||
| 362 | 0 | _a2001 | |
| 650 | 4 | _aLiteratura infantil em inglês | |
| 942 | _cBK | ||
| 999 |
_c70957 _d70957 |
||